Guía metodológica para el desarrollo de planes municipales de cultura.

Spremljeno u:
Bibliografski detalji
Autor kompanije: Consejo Nacional de la Cultura y las Artes (CNCA) (autor)
Format: Knjiga
Jezik:španjolski
Izdano: Valparaíso, Chile: Consejo Nacional de la Cultura y las Artes; Gobierno de Chile, 2011.
Izdanje:Segunda edición.
Serija:Manuales de Gestión Cultural.
Teme:
Oznake: Dodaj oznaku
Bez oznaka, Budi prvi tko označuje ovaj zapis!

MARC

LEADER 00000nam a22000007a 4500
003 CL-VaPUC
005 20250321101930.0
008 250122t2011 ||||| |||| 00| 0 spa d
999 |c 446748  |d 446746 
020 |a 978-956-8327-55-2 
040 |c Pontificia Universidad Católica de Valparaíso 
082 |2 22  |a 306.0983 CON 2011 
110 |9 520896  |a Consejo Nacional de la Cultura y las Artes (CNCA)  |e autor 
245 |a Guía metodológica para el desarrollo de planes municipales de cultura. 
250 |a Segunda edición. 
260 |a Valparaíso, Chile:  |b Consejo Nacional de la Cultura y las Artes;  |b Gobierno de Chile,  |c 2011. 
300 |a 51 páginas. 
490 |a Manuales de Gestión Cultural. 
500 |a c.1 Instituto Arcos. 08-01-2025 
583 |c 20250122  |k Yessy Sthefany Diaz Vidal 
650 0 |9 521696  |a Gestión cultural  |v Planificación, políticas públicas, etc.  |y Chile 
942 |2 ddc  |c BK  |n 0 
952 |0 0  |1 0  |2 ddc  |4 0  |6 306_098300000000000_CON_2011  |7 0  |8 A  |9 599767  |a BIBINC  |b BIBINC  |d 2025-01-22  |e Instituto Arcos  |i 5664519  |o 306.0983 CON 2011  |p 5664519  |r 2025-01-22  |t 1  |w 2025-01-22  |y BK  |k IFP